00350nam a2200133Ia 4500008004100000041000800041082001500049100001700064245004500081250001400126260003300140300003200173365001100205240624s9999 xx 000 0 und d aeng a332.12 GUP aGUP BENTON E aCOMMERCIAL BANKING THE MANAGEMENT OF RIS a(3rd ed.) c2007aNew DelhibWiley India axxix, : 548 : p. : cm. ; 25 cRSb30